Gares les plus fréquentées en Centre Val-de-Loire (2024) - Statistiques

Statistiques générales
  • Ce quiz a été pris 32 fois
    31 depuis la dernière actualisation
  • Le résultat moyen est 13 sur 20
Statistiques - réponses
Fréquentations (2024) Gares % Correct
8 766 444 Tours (37)
100%
4 420 672 Chartres (28)
96%
957 775 Châteauroux (36)
96%
6 526 777 Orléans (45)
96%
1 729 911 Bourges (18)
92%
2 495 655 Blois - Chambord (41)
88%
2 741 209 Dreux (28)
88%
5 445 445 Saint-Pierre-des-Corps (37)
88%
649 393 Vendôme - Villiers-sur-Loir TGV (41)
85%
1 720 139 Vierzon (18)
85%
1 068 803 Amboise (37)
73%
1 921 630 Les Aubrais (45)
65%
2 436 146 Montargis (45)
58%
740 281 Nogent-le-Rotrou (28)
58%
1 968 224 Épernon (28)
31%
1 658 782 Maintenon (28)
31%
672 790 Beaugency (45)
19%
582 699 Meung-sur-Loire (45)
12%
553 692 Courville-sur-Eure (28)
8%
727 703 La Loupe (28)
8%
Aucun quiz correspondant
Distribution des résultats
% des personnes avec chaque résultat
Percentile par nombre de réponses
Votre historique - résultats
Vous n’avez pas pris ce quiz depuis la dernière actualisation